Isole più grandi del mondo - Statistics

Statistiche generali
  • Questo quiz è stato fatto 410 volte
  • Il punteggio medio è 10 su 45
Statistiche sulle risposte
Km2 Isola Nazione % Corretto
7.600.000 Australia -
92%
2.130.800 Groenlandia Danimarca
92%
81.638 Irlanda Irlanda - Regno Unito
65%
587.713 Madagascar -
64%
218.595 Gran Bretagna Regno Unito
53%
748.168 Borneo Brunei - Indonesia - Malesia
52%
105.806 Cuba -
51%
101.826 Islanda -
49%
443.066 Sumatra Indonesia
42%
65.268 Sri Lanka -
39%
78.719 Hokkaido Giappone
38%
138.794 Giava Indonesia
37%
64.519 Tasmania Australia
36%
785.753 Nuova Guinea Indonesia - Papua Nuova Guinea
33%
73.929 Hispaniola Rep. Dominicana - Haiti
30%
225.800 Honshu Giappone
29%
111.583 Isola del Nord Nuova Zelanda
28%
145.836 Isola del Sud Nuova Zelanda
27%
108.860 Terranova Canada
25%
28.418 Timor Timor Est - Indonesia
23%
507.451 Isola di Baffin Canada
22%
35.759 Formosa Taiwan
19%
109.965 Luzon Filippine
16%
97.530 Mindanao Filippine
13%
196.236 Isola di Ellesmere Canada
11%
37.437 Kyūshū Giappone
11%
180.681 Sulawesi Indonesia
11%
217.291 Isola Victoria Canada
10%
33.210 Hainan Cina
7%
72.493 Sachalin Russia
5%
70.028 Isola di Banks Canada
3%
55.247 Isola di Devon Canada
2%
31.285 Isola di Vancouver Canada
2%
47.401 Isola Grande della Terra del Fuoco Argentina - Cile
2%
38.981 Spitsbergen Norvegia
2%
43.178 Isola di Axel Heiberg Canada
1%
42.149 Isola di Melville Canada
1%
33.339 Isola Principe di Galles Canada
1%
33.246 Južnyj Russia
1%
35.145 Nuova Britannia Papua Nuova Guinea
1%
47.079 Severnyj Russia
1%
43.873 Berkner -
0%
49.070 Isola Alessandro I -
0%
41.214 Isola di Southampton Canada
0%
40.100 Marajo Brasile
0%
Nessun quiz corrispondente trovato
Distribuzione punteggi
Percentuale di utenti per punteggio
Percentile per numero di risposta
I tuoi punteggi nel tempo
Non hai fatto questo quiz